| 000 | 00368nam a22001697a 4500 | ||
|---|---|---|---|
| 005 | 20160628152555.0 | ||
| 008 | 160628b xxu||||| |||| 00| 0 eng d | ||
| 020 | _a978-87-7888-596-0 | ||
| 041 | _aeng | ||
| 082 | _b10630 | ||
| 100 |
_aHubard, L. Ron _93102 |
||
| 245 | _aDynamics | ||
| 260 | _bNew Era | ||
| 300 | _a519 | ||
| 650 |
_aManagement _9241 |
||
| 942 | _cBK | ||
| 999 |
_c4520 _d4519 |
||